000 01440nam a2200361 a 4500
001 ebr10718824
003 CaPaEBR
006 m o u
007 cr cn|||||||||
008 130618s2013 njuabo s 001 0 eng d
020 _z9780470881279
020 _z9781118330067 (e-book)
020 _z9781118332795 (e-book)
020 _z9781118332009 (e-book)
040 _aCaPaEBR
_cCaPaEBR
035 _a(OCoLC)851161706
050 1 4 _aNA2940
_b.B37 2013eb
082 0 4 _a721/.8
_223
100 1 _aBoswell, C. Keith.
245 1 0 _aExterior building enclosures
_h[electronic resource]
_bprocess and composition for innovative skins /
_cC. Keith Boswell.
260 _aHoboken, N.J. :
_bWiley,
_cc2013.
300 _a1 online resource (v, 594 p.) :
_bill. (some col.), map, photographs.
500 _aIncludes index.
533 _aElectronic reproduction.
_bPalo Alto, Calif. :
_cebrary,
_d2013.
_nAvailable via World Wide Web.
_nAccess may be limited to ebrary affiliated libraries.
588 _aDescription based on online resource; title from title page (ebrary, viewed June 18, 2013).
650 0 _aExterior walls.
650 0 _aBuildings
_xProtection.
650 0 _aArchitectural design.
655 7 _aElectronic books.
_2local
710 2 _aebrary, Inc.
856 4 0 _uhttp://site.ebrary.com/lib/rucke/Doc?id=10718824
_zAn electronic book accessible through the World Wide Web; click to view
922 _aInnodata Copy
999 _c41400
_d41400